| 000 | 00556nam a22001937a 4500 | ||
|---|---|---|---|
| 999 |
_c171901 _d171901 |
||
| 005 | 20200203104205.0 | ||
| 010 | _aA-243831 | ||
| 020 |
_cN.A. _a- |
||
| 035 | _aA-243831 | ||
| 037 | _bBPPD/Pub. | ||
| 082 | _a920 | ||
| 100 | _aعبد ا لسلا م | ||
| 245 |
_aپر يم چند / _cعبد ا لسلا م |
||
| 246 |
_bPrem Chand(Urdu) / _aby Abdul salam |
||
| 260 |
_aU.P. _bSir Syed Book Depot _c1963 ء |
||
| 270 |
_aSir Syed Book Depot _bAligarh _e- _k- _l- |
||
| 300 |
_a120 ص _c22cm(Hb) |
||
| 942 |
_2ddc _cUR _h920 _mپ ر ے |
||